8 Letter Pokemon names - Statistics

General Stats
  • This quiz has been taken 327 times
    306 since last reset
  • The average score is 50 of 243
Answer Stats
Generation Type Pokémon % Correct
I Ice/Flying Articuno
50%
I Psychic Alakazam
45%
I Bug/Poison Beedrill
42%
I Fire Arcanine
37%
I Bug Caterpie
35%
III Fire/Fighting Blaziken
33%
VIII Grass/Dragon Appletun
32%
I Water Squirtle
31%
I Water/Ice Cloyster
30%
II Electric Ampharos
29%
V Rock/Flying Archeops
29%
I Fairy Clefairy
29%
III Water/Ground Barboach
28%
III Water/Ground Swampert
28%
III Fire/Ground Camerupt
27%
II Water/Electric Chinchou
27%
I Fairy Clefable
27%
I Water/Flying Gyarados
27%
I Water Magikarp
27%
II Water/Ground Quagsire
27%
I Electric/Steel Magneton
26%
III Water/Dark Sharpedo
26%
I Bug/Poison Venomoth
26%
I Grass/Poison Venusaur
26%
V Bug Accelgor
25%
IX Grass/Normal Arboliva
25%
IV Fire Chimchar
25%
II Dark/Fire Houndoom
25%
I Poison/Ground Nidoking
25%
I Fire Rapidash
25%
I Water Vaporeon
25%
IX Dragon/Ice Arctibax
24%
IV Steel/Psychic Bronzong
24%
VII Bug/Fighting Buzzwole
24%
IV Poison/Fighting Croagunk
24%
V Normal/Grass Deerling
24%
IV Ghost/Flying Drifblim
24%
IV Ghost/Flying Drifloon
24%
IV Water/Steel Empoleon
24%
I Rock/Ground Graveler
24%
II Dark/Fire Houndour
24%
I Rock/Water Kabutops
24%
I Poison Nidorina
24%
I Poison Nidorino
24%
III Water/Ground Whiscash
24%
VIII Fairy Alcremie
23%
VI Ice Bergmite
23%
III Grass/Dark Cacturne
23%
V Steel/Fighting Cobalion
23%
VI Poison/Dragon Dragalge
23%
VIII Dragon/Ghost Drakloak
23%
III Ghost Dusclops
23%
IV Ghost Dusknoir
23%
IX Dragon/Ice Frigibax
23%
VIII Ice/Bug Frosmoth
23%
IV Dragon/Ground Garchomp
23%
IV Ghost/Dragon Giratina
23%
VI Water/Dark Greninja
23%
III Water/Grass Ludicolo
23%
IV Fire/Fighting Monferno
23%
V Water Samurott
23%
I Water/Psychic Slowpoke
23%
V Bug/Grass Swadloon
23%
V Bug/Poison Venipede
23%
V Dark/Dragon Zweilous
23%
V Water Basculin
22%
VI Normal Bunnelby
22%
III Water/Dark Carvanha
22%
IX Poison/Ground Clodsire
22%
V Grass/Fairy Cottonee
22%
VI Steel/Ghost Doublade
22%
V Bug/Steel Genesect
22%
II Fairy Granbull
22%
VIII Dark/Fairy Impidimp
22%
V Bug/Grass Leavanny
22%
III Rock/Psychic Lunatone
22%
V Water Oshawott
22%
I Bug/Grass Parasect
22%
III Dragon/Flying Rayquaza
22%
V Dragon/Fire Reshiram
22%
III Grass Sceptile
22%
V Bug/Grass Sewaddle
22%
I Water Shellder
22%
V Water Simipour
22%
V Grass Simisage
22%
V Fire Simisear
22%
II Water Totodile
22%
V Normal/Flying Braviary
21%
IX Fire Crocalor
21%
II Water Croconaw
21%
II Ice/Flying Delibird
21%
V Water/Flying Ducklett
21%
VI Fire Fennekin
21%
V Water/Ghost Frillish
21%
IV Ice/Ghost Froslass
21%
V Rock Gigalith
21%
III Water Gorebyss
21%
III Fighting Hariyama
21%
VI Fighting/Flying Hawlucha
21%
II Normal/Flying Hoothoot
21%
VIII Water Inteleon
21%
II Grass/Flying Jumpluff
21%
II Rock/Ground Larvitar
21%
V Normal Lillipup
21%
II Fire/Rock Magcargo
21%
III Fighting Makuhita
21%
III Fighting/Psychic Meditite
21%
II Grass Meganium
21%
VI Ghost/Grass Phantump
21%
V Normal/Grass Sawsbuck
21%
II Steel/Flying Skarmory
21%
IV Grass/Ground Torterra
21%
III Normal Vigoroth
21%
V Grass/Fighting Virizion
21%
IX Grass/Ghost Bramblin
20%
IX Dark/Ice Chien-Pao
20%
III Psychic Chimecho
20%
III Water Clamperl
20%
IV Rock Cranidos
20%
VII Bug/Fairy Cutiefly
20%
IX Dragon/Normal Cyclizar
20%
VII Water/Bug Dewpider
20%
VII Ghost/Grass Dhelmise
20%
VIII Water Drizzile
20%
V Poison Garbodor
20%
III Fighting/Psychic Medicham
20%
III Rock Regirock
20%
II Grass/Flying Skiploom
20%
II Water/Psychic Slowking
20%
IV Normal/Flying Staravia
20%
VII Grass/Fairy Tapu Bulu
20%
VIi Water/Fairy Tapu Fini
20%
VII Electric/Fairy Tapu Koko
20%
VII Psychic/Fairy Tapu Lele
20%
IV Fairy/Flying Togekiss
20%
V Normal/Flying Unfezant
20%
V Psychic Beheeyem
19%
IX Fighting/Dragon Koraidon
19%
V Ground/Dark Krokorok
19%
V Bug/Fire Larvesta
19%
IV Water Lumineon
19%
III Rock Nosepass
19%
I Fighting Primeape
19%
I Normal Raticate
19%
VII Poison/Fire Salazzle
19%
II Fairy Snubbull
19%
VII Bug/Electric Vikavolt
19%
IV Bug/Varies Wormadam
19%
VIII Water Arrokuda
18%
III Normal Castform
18%
IV Water Floatzel
18%
IX Rock/Poison Glimmora
18%
VIII Psychic/Normal Indeedee
18%
IX Fire/Poison Iron Moth
18%
V Ground/Flying Landorus
18%
IX Electric/Dragon Miraidon
18%
V Psychic Musharna
18%
III Water/Flying Pelipper
18%
IV Water Prinplup
18%
II Water/Poison Qwilfish
18%
II Water Remoraid
18%
VII Bug/Fairy Ribombee
18%
VII Poison/Fire Salandit
18%
III Bug/Ghost Shedinja
18%
II Ice/Psychic Smoochum
18%
V Ground/Electric Stunfisk
18%
V Water/Rock Tirtouga
18%
V Poison Trubbish
18%
II Normal Ursaring
18%
IX Ice Cetoddle
17%
V Normal Cinccino
17%
V Fire Darumaka
17%
III Normal Delcatty
17%
IX Psychic Espathra
17%
IX Poison/Normal Grafaiai
17%
VIII Normal Greedent
17%
VII Normal Gumshoos
17%
VII Dark/Dragon Guzzlord
17%
III Bug Illumise
17%
VII Rock Lycanroc
17%
VII Steel/Fairy Magearna
17%
VII Ground Mudsdale
17%
VII Varies/Flying Oricorio
17%
V Dark/Steel Pawniard
17%
II Water Politoed
17%
IV Rock/Steel Shieldon
17%
VIII Grass Thwackey
17%
III Normal Zangoose
17%
III Water Corphish
16%
IX Fairy Dachsbun
16%
VII Grass Fomantis
16%
VII Grass Lurantis
16%
VII Poison/Water Mareanie
16%
VI Psychic Meowstic
16%
VIII Bug/Psychic Orbeetle
16%
VII Rock Rockruff
16%
VII Psychic/Steel Solgaleo
16%
II Bug/Poison Spinarak
16%
VI Fairy Spritzee
16%
II Normal Stantler
16%
VII Fire Torracat
16%
VIII Ground/Normal Ursaluna
16%
IX Grass Capsakid
15%
VIII Fairy/Flying Enamorus
15%
IX Ghost Greavard
15%
V Normal/Psychic Meloetta
15%
V Normal Minccino
15%
VII Grass/Fairy Morelull
15%
VII Rock/Poison Nihilego
15%
VII Normal/Psychic Oranguru
15%
V Dark Purrloin
15%
IX Water Quaxwell
15%
IV Grass/Poison Roserade
15%
V Psychic/Flying Sigilyph
15%
IV Poison/Dark Skuntank
15%
VI Fairy Slurpuff
15%
II Normal Smeargle
15%
IX Fairy/Steel Tinkaton
15%
V Flying Tornadus
15%
VIII Grass Eldegoss
14%
V Fighting Mienshao
14%
II Normal Porygon2
14%
VIII Flying Rookidee
14%
IX Poison/Normal Shroodle
14%
VIII Poison/Fighting Sneasler
14%
II Grass Sunflora
14%
III Ground Trapinch
14%
V Grass Maractus
13%
IX Dark Maschiff
13%
VII Steel Melmetal
13%
IV Normal Munchlax
13%
VII Psychic Necrozma
13%
VIII Dark/Poison Overqwil
13%
IV Normal Porygon-Z
13%
VII Normal/Flying Trumbeak
13%
VII Grass Tsareena
13%
VI Bug/Flying Vivillon
13%
IX Normal Maushold
12%
VIII Rock Rolycoly
12%
VII Normal Silvally
12%
IX Steel Orthworm
11%
VIII Ghost Sinistea
11%
VII Normal Type: Null
11%
No matching quizzes found
Score Distribution
Percent of People with Each Score
Percentile by Number Answered
Your Score History
You have not taken this quiz since the last reset